Responses for show #7009 - Thursday, February 19, 2015

Contestants

Diana Zinser, a lawyer from Berwyn, Pennsylvania

Sam Osborne, a graphic design student from Lake City, Florida

Christina McTighe, a library associate from Washington, D.C. (whose 1-day cash winnings total $21,600)

Jeopardy! Round responses

NICE BEARD
"DOUBLE" OR NOTHING
SCIENCE FICTION
BABIES ARE BORING
JUST KIDDING
PLEASE, NO LETTERS
    $200 3
Charles Darwin

Sam
    $200 1
double-check

Diana
    $200 26
The Stepford Wives

Sam
    $200 6
drool

Christina
    $200 21
rice

Christina
    $200 15
(Christina: What is 12?)
(Sam: What is 24?)

23

ChristinaSamDiana
    $400 4
(Karl) Marx

Sam
    $400 2
to double down

Sam
    $400 27
Isaac Asimov

Triple Stumper
    $400 7
baby wipes

Diana
    $400 22
Drew Carey

Sam
    $400 17
(Diana: What is 16?)

14

ChristinaDiana
    $600 12
ZZ Top

Christina
    $600 11
a double bed

Sam
    $600 28
The Six Million Dollar Man

Sam
    $600 8
(Christina: What is the ear?)

the armpit

ChristinaDiana
    $600 23
a vegetarian

Christina
    $600 18
150

Diana
    $1,000 5
(Alex: George Bernard [*], who wrote Major Barbara.)

Shaw

Sam
    $800 13
a double-decker

Sam
    $800 29
Neil Gaiman

Christina
    $800 9
reflex

Diana
    $800 24
Zach Galifianakis

Sam
    $800 19
99

Christina
    $1000 14
(Leo) Tolstoy

Christina
    $1000 16
a double-wide

Christina
    $1000 30
William Gibson

Triple Stumper
    $1000 10
(Christina: What is a ba-ba?)

a binky

ChristinaDiana
    $1000 25
(Sam: Who is the Easter Bunny?)

Mickey Mouse

SamDiana
    $1000 20
86

Christina

Scores at the first commercial break (after clue 15):

Christina Sam Diana
$0 $3,200 $3,200

Scores at the end of the Jeopardy! Round:

Christina Sam Diana
$4,800 $4,200 $4,400

Double Jeopardy! Round responses

REVOLUTIONARY WAR FIGURES
MOVIE TITLE OVERLAPS
TRANSLATE THE AUSTRALIAN, MATE
LAMB-POURRI
"W"ORLD CITIES
COMPUTER HISTORY
(Jimmy of the Clue Crew: How we got from machines like this doing simple math to machines like this that put the world at our fingertips.)
    $400 2
Concord

Christina
    $400 3
Wedding

Diana
    $400 18
beer

Diana
    $400 8
"Mary Had a Little Lamb"

Sam
    $400 13
Warsaw

Sam
    $800 1
Benedict Arnold

Diana
    $800 4
Hotel

Sam
    $800 19
an argument

Triple Stumper
    $800 9
(Gwen) Stefani

Sam
    $800 15
(Same: What is Raleigh-Durham?)

Winston-Salem

Sam
Triple Stumper
    $1200 23
Molly Pitcher

Sam
    $1200 5
Sunset

Christina
    $1200 20
a postman and a garbage man

Diana
    $1200 10
a saddle of lamb

Triple Stumper
    $1200 14
Winnipeg

Sam
    $1200 27
(The end-of-round signal sounds.)

Eisenhower

Christina
    $1600 24
(Francis) Marion

Sam
    $1600 6
One Night

Sam
    $1600 21
a farm

Triple Stumper
    $1600 11
Brian Lamb

Triple Stumper
    $2,000 16
(Alex: Sam?)
(Sam: What is...Watertown?)

Waterford

Sam
    $1600 26
IBM

Sam
    $2,200 25
(Alex: We have less than a minute to go now.)

Patrick Henry

Sam
    $2000 7
Wild

Diana
    $2000 22
the Northern Territory

Triple Stumper
    $2000 12
(Diana: What is a sacrificial lamb?)

lamb to the slaughter

Diana
Triple Stumper
    $2000 17
Wuhan

Triple Stumper

Scores at the end of the Double Jeopardy! Round:

Christina Sam Diana
$7,600 $13,200 $7,200

[wagering suggestions for these scores]

Final Jeopardy! Round responses

POETS
DianaWho was Walt Whitman
$7,200
ChristinaWho is Walt Whitman?
$7,600
SamWho Life of
$2,500
Walt Whitman

Final scores:

Christina Sam Diana
$15,200 $10,700 $14,400
2-day champion: $36,800 3rd place: $1,000 2nd place: $2,000

Game dynamics:

Coryat scores:

Christina Sam Diana
$7,600 $14,800 $7,200
13 R,
3 W
20 R
(including 2 DDs),
4 W
(including 1 DD)
13 R,
2 W

Combined Coryat: $29,600

The J! Archive is created by fans, for fans. The Jeopardy! game show and all elements thereof, including but not limited to copyright and trademark thereto, are the property of Jeopardy Productions, Inc. and are protected under law. This website is not affiliated with, sponsored by, or operated by Jeopardy Productions, Inc. Join the discussion at JBoard.tv.